<?xml version="1.0" encoding="UTF-8"?>
<record
    xmlns:xsi="http://www.w3.org/2001/XMLSchema-instance"
    xsi:schemaLocation="http://www.loc.gov/MARC21/slim http://www.loc.gov/standards/marcxml/schema/MARC21slim.xsd"
    xmlns="http://www.loc.gov/MARC21/slim">

  <leader>07140cam a22006614i 4500</leader>
  <controlfield tag="003">PE-LiUPU</controlfield>
  <controlfield tag="005">20250731184537.0</controlfield>
  <controlfield tag="008">161025s2017    inuab   rb    000 0 eng  </controlfield>
  <datafield tag="020" ind1=" " ind2=" ">
    <subfield code="a">1575064715</subfield>
    <subfield code="q">(set)</subfield>
  </datafield>
  <datafield tag="020" ind1=" " ind2=" ">
    <subfield code="a">1575064723 (volume 1)</subfield>
  </datafield>
  <datafield tag="020" ind1=" " ind2=" ">
    <subfield code="a">1575064731 (volume 2)</subfield>
  </datafield>
  <datafield tag="020" ind1=" " ind2=" ">
    <subfield code="a">9781575064710</subfield>
    <subfield code="q">(set)</subfield>
  </datafield>
  <datafield tag="020" ind1=" " ind2=" ">
    <subfield code="a">9781575064727 (volume 1)</subfield>
  </datafield>
  <datafield tag="020" ind1=" " ind2=" ">
    <subfield code="a">9781575064734 (volume 2)</subfield>
  </datafield>
  <datafield tag="035" ind1=" " ind2=" ">
    <subfield code="a">(Sirsi) i9781575064710</subfield>
  </datafield>
  <datafield tag="040" ind1=" " ind2=" ">
    <subfield code="a">DLC</subfield>
    <subfield code="b">spa</subfield>
    <subfield code="e">rda</subfield>
    <subfield code="c">DLC</subfield>
    <subfield code="d">OCLCF</subfield>
    <subfield code="d">HUC</subfield>
    <subfield code="d">YDX</subfield>
    <subfield code="d">CGU</subfield>
    <subfield code="d">ZYU</subfield>
    <subfield code="d">CHVBK</subfield>
    <subfield code="d">OCLCO</subfield>
    <subfield code="d">YUS</subfield>
    <subfield code="d">IUL</subfield>
    <subfield code="d">OCL</subfield>
    <subfield code="d">DHA</subfield>
    <subfield code="d">PE-LiUPU</subfield>
  </datafield>
  <datafield tag="049" ind1=" " ind2=" ">
    <subfield code="a">PRUA</subfield>
  </datafield>
  <datafield tag="050" ind1="0" ind2="0">
    <subfield code="a">DS69.5</subfield>
    <subfield code="b">.A86 2017</subfield>
  </datafield>
  <datafield tag="082" ind1="0" ind2="0">
    <subfield code="a">935</subfield>
    <subfield code="b">A8</subfield>
    <subfield code="2">23</subfield>
  </datafield>
  <datafield tag="245" ind1="0" ind2="0">
    <subfield code="a">At the dawn of history :</subfield>
    <subfield code="b">ancient Near Eastern studies in honour of J.N. Postgate /</subfield>
    <subfield code="c">editor: Ya&#x11F;mur Heffron, Adam Stone, y Martin Worthington.</subfield>
  </datafield>
  <datafield tag="246" ind1="3" ind2="0">
    <subfield code="a">Ancient Near Eastern Studies in Honour of J.N. Postgate</subfield>
  </datafield>
  <datafield tag="264" ind1=" " ind2="1">
    <subfield code="a">Winona Lake, Indiana :</subfield>
    <subfield code="b">Eisenbrauns,</subfield>
    <subfield code="c">2017.</subfield>
  </datafield>
  <datafield tag="300" ind1=" " ind2=" ">
    <subfield code="a">2 volumenes :</subfield>
    <subfield code="b">ilustraciones ;</subfield>
    <subfield code="c">29 cent&#xED;metros</subfield>
  </datafield>
  <datafield tag="336" ind1=" " ind2=" ">
    <subfield code="a">text</subfield>
    <subfield code="2">rdacontent</subfield>
  </datafield>
  <datafield tag="337" ind1=" " ind2=" ">
    <subfield code="a">unmediated</subfield>
    <subfield code="2">rdamedia</subfield>
  </datafield>
  <datafield tag="338" ind1=" " ind2=" ">
    <subfield code="a">volume</subfield>
    <subfield code="2">rdacarrier</subfield>
  </datafield>
  <datafield tag="504" ind1=" " ind2=" ">
    <subfield code="a">Bibliograf&#xED;a al final de cada contenido.</subfield>
  </datafield>
  <datafield tag="505" ind1="0" ind2="0">
    <subfield code="g">Volumen 1.</subfield>
    <subfield code="t">A Fragment of Stele from Umma /</subfield>
    <subfield code="r">Lamia Al-Gailani Werr --</subfield>
    <subfield code="t">In the Shade of the Assyrian Orchards /</subfield>
    <subfield code="r">Marie-Fran&#xE7;oise Besnier --</subfield>
    <subfield code="t">The &#x160;u-Suen Year 0 sa&#x2082;-du&#x2081;&#x2081; ku&#x2085;-ra&#x2082; Flour Dossier from Puzri&#x161;-Dagan /</subfield>
    <subfield code="r">Robert Biggs --</subfield>
    <subfield code="t">To Eat Like a God: Religion and Economy in Old Babylonian Nippur /</subfield>
    <subfield code="r">Nicole Brisch --</subfield>
    <subfield code="t">Remarks on the Earliest History of Horoscopy /</subfield>
    <subfield code="r">David Brown --</subfield>
    <subfield code="t">A Ceramic Assemblage of the Early Literate Periods from Sumer /</subfield>
    <subfield code="r">Daniel Calderbank and Jane Moon --</subfield>
    <subfield code="t">Stolen, Not Given? /</subfield>
    <subfield code="r">Mar&#xED;a Dolores Casero Chamorro --</subfield>
    <subfield code="t">Are We any closer to establishing how many Sumerians  per hectare? Recent approaches to Understanding the spatial Dynamics of Populations in Ancient Mesopotamian Cities /</subfield>
    <subfield code="r">Carlo Colatoni --</subfield>
    <subfield code="t">New Perspectives on "Early Mesopotamia" /</subfield>
    <subfield code="r">Harriet Crawford --</subfield>
    <subfield code="t">Of Arches, Vaults and Domes /</subfield>
    <subfield code="r">Stephanie Dalley --</subfield>
    <subfield code="t">Ethnicity in the Assyrian Empire: A View from the Nisbe, (III) "Arameans" and Related Tribalists /</subfield>
    <subfield code="r">Frederick Mario Fales --</subfield>
    <subfield code="t">Instruktionen Tukult&#x12B;-Ninurtas I /</subfield>
    <subfield code="r">Helmut Freydank --</subfield>
    <subfield code="t">Gods, Temples, and Cult at the Service of the Early Hittite State /</subfield>
    <subfield code="r">Marie-Henriette Gates --</subfield>
    <subfield code="t">The Ending of the &#xC7;inek&#xF6;y Inscription /</subfield>
    <subfield code="r">David Hawkins --</subfield>
    <subfield code="t">A New Palatial Ware or a Case of Imitation of Egyptian Pottery? The Brownish Red Slip (BRS) from Qatna and its Significance within the Northern Levantine Ceramic Tradition of the Mid-Second Millennium BC /</subfield>
    <subfield code="r">Marco Iamoni --</subfield>
    <subfield code="t">Building on the Past: Gertrude Bell and the Transformation of Space in the Karada&#x11F; /</subfield>
    <subfield code="r">Mark Jackson --</subfield>
    <subfield code="t">Studies in the Lexicon of Neo-Aramaic /</subfield>
    <subfield code="r">Geoffrey Khan --</subfield>
    <subfield code="t">The Temple of Salm&#x101;nu at D&#x16B;r-Katlimmu, Nergal of Hub&#x161;alum, and Nergal-ere&#x161; /</subfield>
    <subfield code="r">Harmut K&#xFC;hne --</subfield>
    <subfield code="t">Between Slavery and Freedom /</subfield>
    <subfield code="r">Mogens Trolle Larsen --</subfield>
    <subfield code="t">The King and His Army /</subfield>
    <subfield code="r">Mario Liverani --</subfield>
    <subfield code="t">Two Middle Assyrian Delivery Notes from the British Museum's Tablet Collection /</subfield>
    <subfield code="r">Jeanette C. Fincke and Jaume Llop-Radu&#xE0; --</subfield>
    <subfield code="t">The Governors of Halzi-atbari in the Neo-Assyrian Period /</subfield>
    <subfield code="r">Mikko Luukko --</subfield>
    <subfield code="t">Never the Same River Twice: The G&#xF6;ksu Valley Through the Ages /</subfield>
    <subfield code="r">Naoise Mac Sweeney and Tevfik Emre &#x15E;erifo&#x11F;lu --</subfield>
    <subfield code="t">Piecing the Jigsaw /</subfield>
    <subfield code="r">Harriet Martin --</subfield>
    <subfield code="t">A Palace for the King of Ere&#x161;? Evidence fromt he Early Dynastic City of Abu Salabikh, South Iraq /</subfield>
    <subfield code="r">Roger Matthews and Wendy Matthews --</subfield>
    <subfield code="t">How many Sumerians does it take to put out the rubbish? /</subfield>
    <subfield code="r">August McMahon.</subfield>
  </datafield>
  <datafield tag="505" ind1="0" ind2="0">
    <subfield code="g">Volumen 2.</subfield>
    <subfield code="t">tThe Location of Racappa /</subfield>
    <subfield code="r">Simo Parpola --</subfield>
    <subfield code="t">Making Fire in Uruk-Period Abu Salabikh /</subfield>
    <subfield code="r">Susan Pollock --</subfield>
    <subfield code="t">A Neo-Assyrian Legal Document from Tell Sitak /</subfield>
    <subfield code="r">Karen Radner --</subfield>
    <subfield code="t">The Assyrian Palace at Nabi Yunus, Nineveh /</subfield>
    <subfield code="r">Julian Reade --</subfield>
    <subfield code="t">The Socio-Economics of Cuneiform Scholarship after the "End of Archives": Views from Borsippa and Uruk /</subfield>
    <subfield code="r">Eleanor Robson --</subfield>
    <subfield code="t">Eine K&#xF6;nigskette im Heiligtum der I&#x161;tar von Assur /</subfield>
    <subfield code="r">Ursula Seidl --</subfield>
    <subfield code="t">On the Tablet Trail: Herdsmen's Employment for Royal Wives in the Ur III Period /</subfield>
    <subfield code="r">T.M. Sharlach --</subfield>
    <subfield code="t">An Expedition of King Shalmaneser I and Prince Tukult&#x12B;-Ninurta to Carchemish /</subfield>
    <subfield code="r">Daisuke Shibata --</subfield>
    <subfield code="t">The Role of Stimulants in Early Near Eastern Society: Insights through Artifacts and Texts /</subfield>
    <subfield code="r">Diana Stein --</subfield>
    <subfield code="t">An Estimate of the Population of the City of Umma in Ur III Times /</subfield>
    <subfield code="r">Piotr Steinkeller /</subfield>
    <subfield code="r">How many Mesopotamians per hectare? /</subfield>
    <subfield code="r">Elizabeth C. Stone --</subfield>
    <subfield code="t">The Terminology for times of the day in Akkadian /</subfield>
    <subfield code="r">Michael P. Streck --</subfield>
    <subfield code="t">"Counter-Archaeology:" Putting the Ur III Drehem Archives Back in the Ground /</subfield>
    <subfield code="r">Christina Tsouparopoulou --</subfield>
    <subfield code="t">Meaning in Perspective: Some Akkadian Terms for "Foundation" : u&#x161;&#x161;u, temennu, i&#x161;du, duru&#x161;&#x161;u- /</subfield>
    <subfield code="r">Johanna Tudeau --</subfield>
    <subfield code="t">Nergal-emir's Correspondence in the light of BM 30205, and a Preliminary Edition of BM 36543, another Fragmentary Neo-Assyrian Letter in the Babylon Collection of the British Museum /</subfield>
    <subfield code="r">Greta Van Buylaere --</subfield>
    <subfield code="t">Seven Debt-Notes of Anatolians from Ancient Kanesh /</subfield>
    <subfield code="r">Klaas R. Veenhof --</subfield>
    <subfield code="t">Oracle Bones at the Sichuan University Museum /</subfield>
    <subfield code="r">Xianhua Wang and Changhong Chen --</subfield>
    <subfield code="t">Association of the Dog with Healing Power in Mesopotamia /</subfield>
    <subfield code="r">Chikako E. Watanabe --</subfield>
    <subfield code="t">Ugaritic Military Terms in the Light of Comparative Linguistics /</subfield>
    <subfield code="r">Wilfred G.E. Watson --</subfield>
    <subfield code="t">Tabal and the Limits of Assyrian Imperialism /</subfield>
    <subfield code="r">Mark Weeden --</subfield>
    <subfield code="t">Ein dritter Backstein mit der grossen Inschrift des K&#xF6;nigs Takil-ilissu von Malg&#xFB;m und der Tonnagel des Ipiq-I&#x161;tar /</subfield>
    <subfield code="r">Claus Wilcke --</subfield>
    <subfield code="t">Assur among the Gods of Urartu /</subfield>
    <subfield code="r">Paul Zimansky --</subfield>
    <subfield code="t">Some Bronze Stamp Seals of Achaemenid Date /</subfield>
    <subfield code="r">Dominique Collon and John Curtis --</subfield>
    <subfield code="r">Assyrians after the Fall: Evidence from the Ebabbar of Sippar /</subfield>
    <subfield code="r">John MacGinnis --</subfield>
    <subfield code="t">Prayer and Praise in the City of Assur /</subfield>
    <subfield code="r">Frances Reynolds.</subfield>
  </datafield>
  <datafield tag="526" ind1=" " ind2=" ">
    <subfield code="a">P136</subfield>
  </datafield>
  <datafield tag="526" ind1=" " ind2=" ">
    <subfield code="a">P135</subfield>
  </datafield>
  <datafield tag="526" ind1=" " ind2=" ">
    <subfield code="a">P134</subfield>
  </datafield>
  <datafield tag="526" ind1=" " ind2=" ">
    <subfield code="a">P133</subfield>
  </datafield>
  <datafield tag="526" ind1=" " ind2=" ">
    <subfield code="a">P144</subfield>
  </datafield>
  <datafield tag="526" ind1=" " ind2=" ">
    <subfield code="a">P143</subfield>
  </datafield>
  <datafield tag="526" ind1=" " ind2=" ">
    <subfield code="a">P87</subfield>
  </datafield>
  <datafield tag="526" ind1=" " ind2=" ">
    <subfield code="a">P35</subfield>
  </datafield>
  <datafield tag="526" ind1=" " ind2=" ">
    <subfield code="a">P20</subfield>
  </datafield>
  <datafield tag="526" ind1=" " ind2=" ">
    <subfield code="a">P14</subfield>
  </datafield>
  <datafield tag="526" ind1=" " ind2=" ">
    <subfield code="a">P10</subfield>
  </datafield>
  <datafield tag="526" ind1=" " ind2=" ">
    <subfield code="a">P06</subfield>
  </datafield>
  <datafield tag="650" ind1="1" ind2="4">
    <subfield code="a">Idioma acadio</subfield>
    <subfield code="x">Textos.</subfield>
  </datafield>
  <datafield tag="650" ind1="2" ind2="4">
    <subfield code="a">Antig&#xFC;edades.</subfield>
  </datafield>
  <datafield tag="650" ind1="2" ind2="4">
    <subfield code="a">Civilizaci&#xF3;n Asiro-babil&#xF3;nica.</subfield>
  </datafield>
  <datafield tag="700" ind1="1" ind2=" ">
    <subfield code="a">Heffron, Ya&#x11F;mur,</subfield>
    <subfield code="e">editor.</subfield>
  </datafield>
  <datafield tag="700" ind1="1" ind2=" ">
    <subfield code="a">Postgate, J. N.,</subfield>
    <subfield code="e">en honor.</subfield>
  </datafield>
  <datafield tag="700" ind1="1" ind2=" ">
    <subfield code="a">Stone, Adam,</subfield>
    <subfield code="d">1981-</subfield>
    <subfield code="e">editor.</subfield>
  </datafield>
  <datafield tag="700" ind1="1" ind2=" ">
    <subfield code="a">Worthington, Martin,</subfield>
    <subfield code="e">editor.</subfield>
  </datafield>
  <datafield tag="910" ind1=" " ind2=" ">
    <subfield code="a">dbm</subfield>
    <subfield code="b">ebj</subfield>
    <subfield code="c">ebj</subfield>
    <subfield code="d">20171228</subfield>
  </datafield>
  <datafield tag="942" ind1=" " ind2=" ">
    <subfield code="2">ddc</subfield>
    <subfield code="c">BOOK</subfield>
  </datafield>
  <datafield tag="949" ind1=" " ind2=" ">
    <subfield code="a">935 A8 1</subfield>
    <subfield code="w">DEWEY</subfield>
    <subfield code="c">1</subfield>
    <subfield code="i">77850</subfield>
    <subfield code="l">CATALOGING</subfield>
    <subfield code="m">BUL</subfield>
    <subfield code="p">90.65</subfield>
    <subfield code="r">0</subfield>
    <subfield code="s">Y</subfield>
    <subfield code="t">BOOK</subfield>
    <subfield code="u">2017-12-28</subfield>
    <subfield code="x">POSGRADO</subfield>
    <subfield code="P">P85</subfield>
    <subfield code="0">DONACION</subfield>
    <subfield code="o">.STAFF. Colecci&#xF3;n Teolog&#xED;a.</subfield>
  </datafield>
  <datafield tag="949" ind1=" " ind2=" ">
    <subfield code="a">935 A8 2</subfield>
    <subfield code="w">DEWEY</subfield>
    <subfield code="c">1</subfield>
    <subfield code="i">77851</subfield>
    <subfield code="l">CATALOGING</subfield>
    <subfield code="m">BUL</subfield>
    <subfield code="p">90.65</subfield>
    <subfield code="r">0</subfield>
    <subfield code="s">Y</subfield>
    <subfield code="t">BOOK</subfield>
    <subfield code="u">2017-12-28</subfield>
    <subfield code="x">POSGRADO</subfield>
    <subfield code="P">P85</subfield>
    <subfield code="0">DONACION</subfield>
    <subfield code="o">.STAFF. Colecci&#xF3;n Teolog&#xED;a.</subfield>
  </datafield>
  <datafield tag="994" ind1=" " ind2=" ">
    <subfield code="a">C0</subfield>
    <subfield code="b">PEPRU</subfield>
  </datafield>
  <datafield tag="596" ind1=" " ind2=" ">
    <subfield code="a">1</subfield>
  </datafield>
  <datafield tag="999" ind1=" " ind2=" ">
    <subfield code="a">935 A8 1</subfield>
    <subfield code="w">DEWEY</subfield>
    <subfield code="c">26520</subfield>
    <subfield code="i">77850</subfield>
    <subfield code="f">2021-11-11</subfield>
    <subfield code="g">4</subfield>
    <subfield code="l">CCODEBUL1</subfield>
    <subfield code="m">BUL</subfield>
    <subfield code="p">90.65</subfield>
    <subfield code="r">0</subfield>
    <subfield code="s">Y</subfield>
    <subfield code="t">BOOK</subfield>
    <subfield code="u">2017-12-28</subfield>
    <subfield code="x">TEOLOGIA</subfield>
    <subfield code="P">P85</subfield>
    <subfield code="0">COMPRA</subfield>
    <subfield code="o">.STAFF. Colecci&#xF3;n Teolog&#xED;a.</subfield>
    <subfield code="d">26520</subfield>
  </datafield>
  <datafield tag="999" ind1=" " ind2=" ">
    <subfield code="a">935 A8 2</subfield>
    <subfield code="w">DEWEY</subfield>
    <subfield code="c">1</subfield>
    <subfield code="i">77851</subfield>
    <subfield code="f">2021-11-11</subfield>
    <subfield code="g">4</subfield>
    <subfield code="l">CCODEBUL1</subfield>
    <subfield code="m">BUL</subfield>
    <subfield code="p">90.65</subfield>
    <subfield code="r">0</subfield>
    <subfield code="s">Y</subfield>
    <subfield code="t">BOOK</subfield>
    <subfield code="u">2017-12-28</subfield>
    <subfield code="x">TEOLOGIA</subfield>
    <subfield code="P">P85</subfield>
    <subfield code="0">COMPRA</subfield>
    <subfield code="o">.STAFF. Colecci&#xF3;n Teolog&#xED;a.</subfield>
  </datafield>
  <datafield tag="980" ind1=" " ind2=" ">
    <subfield code="8">1</subfield>
    <subfield code="g">ALBERTO SANCHEZ Responsable de Automatizaci&#xF3;n</subfield>
  </datafield>
  <datafield tag="952" ind1=" " ind2=" ">
    <subfield code="r">2025-12-03 00:00:00</subfield>
    <subfield code="i">5</subfield>
    <subfield code="l">0</subfield>
    <subfield code="o">935 A8 1</subfield>
    <subfield code="p">77850</subfield>
    <subfield code="t">e1</subfield>
    <subfield code="v">95.65</subfield>
    <subfield code="w">2017-12-28</subfield>
    <subfield code="x">PG</subfield>
    <subfield code="y">BK</subfield>
    <subfield code="z">inventario-2023-12-13</subfield>
    <subfield code="1">0</subfield>
    <subfield code="2">ddc</subfield>
    <subfield code="5">0</subfield>
    <subfield code="7">0</subfield>
    <subfield code="8">GEN</subfield>
    <subfield code="f">P85</subfield>
    <subfield code="a">BUL</subfield>
    <subfield code="b">BUL</subfield>
    <subfield code="c">GEN</subfield>
    <subfield code="d">2017-12-28</subfield>
    <subfield code="e">COMPRA</subfield>
    <subfield code="g">90.65</subfield>
  </datafield>
  <datafield tag="952" ind1=" " ind2=" ">
    <subfield code="r">2025-12-03 00:00:00</subfield>
    <subfield code="i">5</subfield>
    <subfield code="l">0</subfield>
    <subfield code="o">935 A8 2</subfield>
    <subfield code="p">77851</subfield>
    <subfield code="t">e1</subfield>
    <subfield code="v">95.65</subfield>
    <subfield code="w">2017-12-28</subfield>
    <subfield code="x">PG</subfield>
    <subfield code="y">BK</subfield>
    <subfield code="z">inventario-2023-12-13</subfield>
    <subfield code="1">0</subfield>
    <subfield code="2">ddc</subfield>
    <subfield code="5">0</subfield>
    <subfield code="7">0</subfield>
    <subfield code="8">GEN</subfield>
    <subfield code="f">P85</subfield>
    <subfield code="a">BUL</subfield>
    <subfield code="b">BUL</subfield>
    <subfield code="c">GEN</subfield>
    <subfield code="d">2017-12-28</subfield>
    <subfield code="e">COMPRA</subfield>
    <subfield code="g">90.65</subfield>
  </datafield>
</record>
